[Event "Aragon-chT Honor Descenso"]
[Site "Aragon"]
[Date "2022.03.26"]
[Round "9.31"]
[White "Roche Simon, Manuel Angel"]
[Black "Arias Alvarez, Alberto"]
[Result "1-0"]
[WhiteElo "2027"]
[BlackElo "1699"]
[PlyCount "73"]
[EventDate "2022.03.19"]
[EventType "team-tourn"]
[EventRounds "10"]
[EventCountry "ESP"]
[SourceTitle "EXT 2024"]
[Source "ChessBase"]
[SourceDate "2023.10.10"]
[SourceVersion "1"]
[SourceVersionDate "2023.10.10"]
[SourceQuality "1"]
[WhiteTeam "Delicias"]
[BlackTeam "Utebo San Lamberto"]
[WhiteTeamCountry "ESP"]
[BlackTeamCountry "ESP"]

1. e4 c6 2. d4 d5 3. Nd2 dxe4 4. Nxe4 Bf5 5. Ng3 Bg6 6. Nf3 Nd7 7. h4 h6 8. h5 Bh7 9. Bd3 Bxd3 10. Qxd3 e6 11. Bd2 Ngf6 12. Qe2 Be7 13. 0-0-0 Qc7 14. Ne5 Nxe5 15. dxe5 Nd7 16. f4 0-0-0 17. Be3 Nb6 18. c4 Rxd1+ 19. Rxd1 Rd8 20. Ne4 Rxd1+ 21. Kxd1 Kd8 22. Kc2 Ke8 23. b3 c5 24. Qd3 Nc8 25. Bd2 b6 26. Bc3 a6 27. g4 Qc6 28. a4 Qd7 29. g5 Qxd3+ 30. Kxd3 Na7 31. a5 b5 32. cxb5 axb5 33. Nd6+ Kf8 34. gxh6 gxh6 35. a6 f5 36. Ba5 Nc6 37. Nxb5 1-0

[Event "Zaragoza Primavera op 3rd"]
[Site "Zaragoza"]
[Date "2015.04.19"]
[Round "2"]
[White "Arias Alvarez, Alberto"]
[Black "Aldaz Fernandez, Luis"]
[Result "1-0"]
[WhiteElo "1828"]
[BlackElo "1605"]
[PlyCount "73"]
[EventDate "2015.04.12"]
[EventType "swiss"]
[EventRounds "9"]
[EventCountry "ESP"]
[SourceTitle "EXT 2016"]
[Source "ChessBase"]
[SourceDate "2015.10.08"]
[SourceVersion "1"]
[SourceVersionDate "2015.10.08"]
[SourceQuality "1"]

1. e4 e6 2. d4 d5 3. exd5 exd5 4. Nf3 Nf6 5. Be2 Be7 6. Bf4 0-0 7. 0-0 Bf5 8. Nbd2 Nbd7 9. Re1 c5 10. Nf1 cxd4 11. Nxd4 Be6 12. c3 Ne4 13. Bf3 Bg5 14. Bxg5 Nxg5 15. Ng3 Nxf3+ 16. Qxf3 b6 17. Rad1 Qf6 18. Qxf6 Nxf6 19. Nxe6 fxe6 20. Rxe6 Rae8 21. Rde1 Kf7 22. R6e2 g6 23. Kf1 Ng4 24. f3 Nf6 25. Rxe8 Rxe8 26. Rxe8 Nxe8 27. Ke2 Ke6 28. Ke3 Nd6 29. Ne2 Nc4+ 30. Kd4 Nxb2 31. Nf4+ Kd6 32. Nxd5 Na4 33. Nf6 h6 34. Ng4 h5 35. Ne5 Nc5 36. Nxg6 Ne6+ 37. Kc4 1-0